Psychology of the media / (Record no. 5490)

MARC details
000 -LEADER
fixed length control field 01100cam a2200157 a 4500
020 ## - INTERNATIONAL STANDARD BOOK NUMBER
ISBN 9780230249868 (pbk.)
050 00 - CALL NUMBER
Classification number P96.P75
Item number G39
100 1# - AUTHOR
Personal name Giles, David,
245 10 - TITLE
Title Psychology of the media /
Statement of responsibility, etc David Giles.
260 ## - PUBLICATION INFORMATION
Place of publication Houndmills, Basingstoke, Hampshire ;
-- New York :
Name of publisher Palgrave Macmillan,
Year of publication 2010.
300 ## - DESCRIPTION
Number of Pages viii, 230 p. :
Other physical details ill. ;
Dimensions 22 cm.
500 ## - NOTES
General note Includes bibliographical references and index
505 8# - FORMATTED CONTENTS NOTE
Table of Content Machine generated contents note: INTRODUCTION TO MEDIA PSYCHOLOGY -- History of the Mass Media -- Ways of Thinking about Psychology and the Media -- THE PASSIVE MEDIA USER -- Anti- and Pro-Social Behaviour and the Media -- Advertising and Persuasion -- Body Image and the Media -- THE ACTIVE MEDIA USER -- Parasocial Interaction -- Audience Participation Media -- Fandom -- THE MEDIATED SOCIAL WORLD -- Celebrity -- Media Representations -- Media Framing -- Developmental Psychology and the Media -- NEW MEDIA -- Social Relations Online -- Recent Developments in Internet Technology -- Other Technologies.
650 #0 - SUBJECTS
Topical Term Mass media
General subdivision Psychological aspects.
942 ## - ADDED ENTRY ELEMENTS (KOHA)
Koha item type Books
Holdings
Withdrawn status Lost status Collection code Home library Current library Shelving location Date acquired Full call number Accession Number Koha item type
    Reference Methodist University Library Main Methodist University Library Main General Stacks 26/09/2016 P96.P75 G39 2424 Books
Copyright © 2026  MUG Library